[Event "AUTO-OPEN-249"]
[Site "http://www.queenalice.com/game.php?id=62422"]
[Date "2006.4.10"]
[Round "1"]
[White "smurilo"]
[Black "electricmonk"]
[Result "1-0"]
[WhiteElo "1914"]
[BlackElo "1100"]

1. c4 e6 2. Nc3 Nf6 3. e4 Bb4 4. e5 Ng4 5. Qxg4 Nc6 6. Qxg7 Rf8 7. Nf3 Qe7 8. d4
Nxd4 9. Nxd4 d6 10. exd6 Qxd6 11. Bh6 Bd7 12. Qxf8+ Qxf8 13. Bxf8 Kxf8 14. O-O-O
c5 15. Ndb5 a6 16. Rxd7 Rb8 17. Nd6 Ba5 18. Rxf7+ Kg8 19. Bd3 b5 20. Bxh7+ Kh8
21. Nce4 bxc4 22. Nf6 c3 23. b3 c4 24. Bg8 cxb3 25. Rh7# 1-0

[Event "AUTO-OPEN-249"]
[Site "http://www.queenalice.com/game.php?id=62444"]
[Date "2006.4.10"]
[Round "1"]
[White "electricmonk"]
[Black "raindrop"]
[Result "0-1"]
[WhiteElo "1228"]
[BlackElo "1911"]

1. e4 e5 2. Nf3 Nc6 3. Nc3 Nf6 4. d4 exd4 5. Nxd4 Bc5 6. Nxc6 bxc6 7. Bc4 d5 8.
Bg5 Bxf2+ 9. Kxf2 Ng4+ 10. Kg1 Qxg5 11. exd5 Qe3+ 12. Kf1 Qf2# 0-1

[Event "AUTO-OPEN-249"]
[Site "http://www.queenalice.com/game.php?id=62445"]
[Date "2006.4.10"]
[Round "1"]
[White "raindrop"]
[Black "electricmonk"]
[Result "0-1"]
[WhiteElo "1877"]
[BlackElo "1228"]

1. e4 e5 2. Nf3 Nc6 3. Bc4 Nf6 4. Ng5 Qe7 5. Bxf7+ Kd8 6. Bb3 d5 7. exd5 Nxd5 8.
d3 Nf4 9. Nf7+ Ke8 10. Nxh8 Nxg2+ 11. Kf1 Bh3 12. Ke2 Nd4+ 13. Kd2 Qg5+ 14. Kc3
Nb5+ 15. Kc4 Qh4+ 16. Kxb5 Qb4# 0-1

[Event "AUTO-OPEN-249"]
[Site "http://www.queenalice.com/game.php?id=62446"]
[Date "2006.4.10"]
[Round "1"]
[White "electricmonk"]
[Black "TLT"]
[Result "0-1"]
[WhiteElo "1271"]
[BlackElo "1668"]

1. c4 c6 2. e4 d5 3. exd5 cxd5 4. b3 Nf6 5. Nf3 Nc6 6. c5 e5 7. Bb5 Bg4 8. Qe2
e4 9. d4 Be7 10. Qe3 exf3 11. gxf3 Bf5 12. Qg5 Bxb1 13. Rxb1 Qa5+ 14. Bd2 Qxb5
15. Be3 Qb4+ 16. Bd2 Qxd4 17. Qxg7 Rg8 18. Qh6 Bxc5 19. Be3 Bb4+ 20. Bd2 Rg6 21.
Qh3 Qxd2+ 22. Kf1 Qd3# 0-1

[Event "AUTO-OPEN-249"]
[Site "http://www.queenalice.com/game.php?id=62447"]
[Date "2006.4.10"]
[Round "1"]
[White "TLT"]
[Black "electricmonk"]
[Result "1-0"]
[WhiteElo "1656"]
[BlackElo "1274"]

1. e4 e5 2. Nf3 Nc6 3. Bb5 a6 4. Ba4 b5 5. Bb3 Nd4 6. Nxd4 exd4 7. c3 c5 8. cxd4
c4 9. Bc2 Nf6 10. O-O Bb7 11. d3 cxd3 12. Bxd3 Nxe4 13. Re1 Qf6 14. Bxe4 Bxe4
15. Rxe4+ Be7 16. Nc3 O-O 17. Nd5 Qd6 18. Nxe7+ Kh8 19. Qh5 Qb4 20. Qxh7+ Kxh7
21. Rh4# 1-0

[Event "Challenge"]
[Site "http://www.queenalice.com/game.php?id=71150"]
[Date "2006.5.23"]
[Round "-"]
[White "pawn_buzzard"]
[Black "electricmonk"]
[Result "1-0"]
[WhiteElo "1587"]
[BlackElo "1240"]

1. Nf3 e6 2. g3 d5 3. Bg2 Nf6 4. O-O Bc5 5. d4 Bb6 6. Bg5 c5 7. e3 cxd4 8. exd4
h6 9. Bf4 Ne4 10. Be5 Nd7 11. Bxg7 Rg8 12. Bxh6 Ndc5 13. dxc5 Bxc5 14. Be3 f5
15. Ne5 d4 16. Qh5+ 1-0

[Event "Challenge"]
[Site "http://www.queenalice.com/game.php?id=72674"]
[Date "2006.5.29"]
[Round "-"]
[White "allexxxanddre"]
[Black "electricmonk"]
[Result "1-0"]
[WhiteElo "1253"]
[BlackElo "1232"]

1. e4 e5 2. f4 exf4 3. Nf3 Nf6 4. e5 Ne4 5. d3 Nf2 6. Kxf2 Bc5+ 7. d4 Bb6 8.
Bxf4 d6 9. Bg5 f6 10. exf6 gxf6 11. Qe2+ Qe7 12. Qxe7+ Kxe7 13. Be3 Nc6 14. c3
Be6 15. Nbd2 d5 16. b3 Rhg8 17. c4 dxc4 18. bxc4 Nb4 19. c5 Ba5 20. Nc4 Nc2 21.
Rc1 Nxe3 22. Kxe3 Rae8 23. g3 Bxc4 24. Bxc4 Kd8+ 25. Kf2 b6 26. Bxg8 Rxg8 27. c6
h5 28. d5 f5 29. Rhd1 Re8 30. d6 Bb4 31. d7 Bd6 32. dxe8=Q+ Kxe8 33. Rxd6 1-0

[Event "Challenge"]
[Site "http://www.queenalice.com/game.php?id=72988"]
[Date "2006.5.30"]
[Round "-"]
[White "electricmonk"]
[Black "Marcelo_Araujo"]
[Result "0-1"]
[WhiteElo "1246"]
[BlackElo "1564"]

1. e4 e5 2. Nf3 Nc6 3. d4 exd4 4. Nxd4 Nxd4 5. Qxd4 Qe7 6. Nc3 b6 7. Nd5 Qd6 8.
Bf4 Qc5 9. Qe5+ Kd8 10. O-O-O d6 11. Qd4 Ne7 12. b4 Qxd4 13. Rxd4 Nxd5 14. Rxd5
c6 15. Rd4 Kc7 16. c4 Ba6 17. e5 dxe5 18. Bxe5+ Kc8 19. c5 Bxf1 20. Rxf1 bxc5
21. bxc5 Bxc5 22. Rc4 f6 23. Bg3 Bb6 24. Bd6 Kb7 25. Re1 Rae8 26. Re7+ Rxe7 27.
Bxe7 Bxf2 28. Rb4+ Kc7 29. Kd1 Re8 30. Re4 f5 31. Re2 Bd4 32. a4 c5 33. a5 Kd7
34. Bh4 Rxe2 35. Kxe2 g6 36. Kd3 Kc6 37. Kc4 Kb7 38. Be7 Ka6 39. Bd8 h6 40. g3
Bg1 41. h4 Bh2 42. Bc7 Kb7 43. Bd6 Ka6 44. Bxc5 Bxg3 45. Kb4 Bxh4 46. Bf8 f4 47.
Bxh6 f3 0-1

[Event "Challenge"]
[Site "http://www.queenalice.com/game.php?id=86059"]
[Date "2006.7.15"]
[Round "-"]
[White "electricmonk"]
[Black "toldowisk"]
[Result "0-1"]
[WhiteElo "1242"]
[BlackElo "1786"]

1. e4 e6 2. d4 d5 3. Nc3 Bb4 4. a3 Bxc3+ 5. bxc3 dxe4 6. c4 Nf6 7. Bg5 O-O 8. c3
c5 9. Ne2 Nbd7 10. dxc5 Qc7 11. Nd4 Qxc5 12. Be2 Qxg5 13. O-O Nc5 14. Rb1 e3 15.
Nf3 exf2+ 16. Rxf2 Qe3 17. Qd4 Qxd4 18. cxd4 Nce4 19. Rff1 b6 20. Ne5 Nd2 21.
Rxf6 gxf6 22. Rb2 fxe5 23. Rxd2 exd4 24. Rxd4 Bb7 25. Rg4+ Kh8 26. Rh4 Rad8 27.
Bg4 Rd4 0-1

[Event "AUTO-INT-465"]
[Site "http://www.queenalice.com/game.php?id=214297"]
[Date "2007.5.21"]
[Round "1"]
[White "bienopia"]
[Black "electricmonk"]
[Result "0-1"]
[WhiteElo "1783"]
[BlackElo "1275"]

1. d4 d5 2. f4 Bf5 3. Nf3 Nc6 4. e3 Nf6 5. a3 Ne4 6. Be2 e6 7. b3 Be7 8. Bb2 Bg4
9. O-O f5 10. Bb5 a6 11. Be2 O-O 12. c4 b5 13. cxd5 Qxd5 14. Nc3 Nxc3 15. Bxc3
Qe4 16. Qd2 Rad8 17. b4 a5 18. Bd3 Qd5 19. Ne5 Nxe5 20. fxe5 axb4 21. axb4 g5
22. Ra7 Rc8 23. Rfa1 f4 24. R1a5 fxe3 25. Qxe3 Qb3 26. Ra3 Qd1+ 27. Bf1 Rxf1#
0-1

[Event "AUTO-INT-465"]
[Site "http://www.queenalice.com/game.php?id=214298"]
[Date "2007.5.21"]
[Round "1"]
[White "electricmonk"]
[Black "bienopia"]
[Result "0-1"]
[WhiteElo "1271"]
[BlackElo "1755"]

1. d4 h6 2. e4 a6 3. Nf3 c6 4. Ne5 d5 5. Nxf7 Kxf7 6. Qh5+ g6 7. Qe5 Bg7 8. Qf4+
Ke8 9. e5 Bf5 10. Bd3 Bxd3 11. cxd3 e6 12. O-O Ne7 13. Nc3 Nf5 14. g3 Nd7 15. b4
Qb6 16. a3 Qxd4 17. Bd2 Qxd3 18. Rac1 Bxe5 19. Qg4 Kf7 20. f4 Bc7 21. Rf3 Qxd2
22. Na2 Qxa2 23. Rfc3 Bb6+ 24. Kh1 Nf6 25. Qd1 Ne3 26. Rxe3 Bxe3 27. Rc3 d4 28.
Rc5 Ne4 29. Rc2 Qd5 30. Qf3 Nf2+ 31. Kg2 Qxf3+ 32. Kxf3 g5 33. h4 gxh4 34. gxh4
h5 35. Rc5 Rag8 36. Rg5 Rf8 37. f5 e5 38. Rg6 Rfg8 0-1

[Event "AUTO-INT-465"]
[Site "http://www.queenalice.com/game.php?id=214309"]
[Date "2007.5.21"]
[Round "1"]
[White "carlos31"]
[Black "electricmonk"]
[Result "1-0"]
[WhiteElo "1722"]
[BlackElo "1275"]

1. e4 d5 2. e5 e6 3. d4 c5 4. Nf3 cxd4 5. Nxd4 Nc6 6. Bb5 a6 7. Bxc6+ bxc6 8.
Nxc6 Qc7 9. Nd4 Qxe5+ 10. Ne2 Bb4+ 11. c3 Bd6 12. Bf4 Qe4 13. f3 Qg6 14. Bxd6
Qxg2 15. Rf1 Nf6 16. Nd2 a5 17. Rg1 Qh3 18. Rxg7 Qh5 19. Qb3 Qh6 20. Rg1 Ba6 21.
Qa4+ Nd7 22. Bf4 Qxh2 23. Bxh2 1-0

[Event "AUTO-INT-465"]
[Site "http://www.queenalice.com/game.php?id=214310"]
[Date "2007.5.21"]
[Round "1"]
[White "electricmonk"]
[Black "carlos31"]
[Result "0-1"]
[WhiteElo "1275"]
[BlackElo "1737"]

1. d4 e6 2. e4 c5 3. Nf3 Nf6 4. dxc5 Bxc5 5. Bg5 Qb6 6. Be3 Bxe3 7. fxe3 Qxe3+
8. Qe2 Qxe4 9. Nc3 Qxe2+ 10. Bxe2 a6 11. O-O-O O-O 12. h3 Nc6 13. a3 Nh5 14. Ng5
Nf4 15. Bf3 f6 16. g3 fxg5 17. gxf4 gxf4 18. Rd2 Ne5 19. Bd1 Nc4 20. Rd4 b5 21.
Rf1 Ne3 22. Rfxf4 Rxf4 23. Rxf4 Bb7 24. Bf3 Bxf3 25. Rxf3 Nf5 26. b4 Rf8 27. Rd3
d5 28. Kd2 Nh4 29. a4 bxa4 30. Nxa4 Rf4 31. c3 Kf8 32. Ke3 Rf3+ 33. Ke2 Rxd3 34.
Kxd3 Ke7 35. Nc5 Kd6 36. Nxa6 Nf5 37. b5 h5 38. Kd2 g5 39. Kd3 e5 0-1

[Event "AUTO-INT-465"]
[Site "http://www.queenalice.com/game.php?id=214315"]
[Date "2007.5.21"]
[Round "1"]
[White "Misplaced_Pawn"]
[Black "electricmonk"]
[Result "1-0"]
[WhiteElo "2020"]
[BlackElo "1273"]

1. e4 e5 2. Nf3 Nc6 3. Bb5 a6 4. Ba4 b5 5. Bb3 Nd4 6. Nxd4 exd4 7. Bxf7+ Kxf7 8.
Qh5+ g6 9. Qd5+ Ke8 10. Qxa8 c6 11. d3 Qc7 12. g3 Nf6 13. Bf4 Bb4+ 14. c3 Qb7
15. Qxb7 Bxb7 16. cxb4 d5 17. Be5 Rf8 18. Bxd4 dxe4 19. Nc3 Nd5 20. Nxe4 Bc8 21.
Bc5 Rf3 22. Ke2 Bg4 23. h3 Re3+ 24. Kf1 Be2+ 25. Ke1 Rxd3 26. Kxe2 Nxb4 27. Bxb4
Rd4 28. Nf6+ Kf7 29. Bc3 Rd6 30. Nxh7 Rd5 31. h4 Kg8 32. Nf6+ Kf7 33. Nxd5 1-0

[Event "AUTO-INT-465"]
[Site "http://www.queenalice.com/game.php?id=214316"]
[Date "2007.5.21"]
[Round "1"]
[White "electricmonk"]
[Black "Misplaced_Pawn"]
[Result "0-1"]
[WhiteElo "1275"]
[BlackElo "1996"]

1. d4 Nf6 2. f3 d5 3. Nc3 c5 4. dxc5 d4 5. Ne4 Nxe4 6. fxe4 e5 7. b4 Qh4+ 8. g3
Qxe4 9. Nf3 a5 10. e3 dxe3 11. Bb5+ Bd7 12. Bd3 Qxb4+ 13. Nd2 exd2+ 14. Bxd2
Qxc5 15. Rb1 Bc6 16. Rf1 Nd7 17. Qh5 Nf6 18. Qf5 Be7 19. Bg5 g6 20. Qh3 e4 21.
Bxf6 exd3 22. Bxh8 Qe3+ 23. Kd1 Qe2+ 24. Kc1 Qxc2# 0-1